Himpunan mutiara kata para bijaksana untuk muhasabah diri : (Record no. 1240)

000 -LEADER
fixed length control field nam a22 a 4500
003 - CONTROL NUMBER IDENTIFIER
control field AKMAL
005 - DATE AND TIME OF LATEST TRANSACTION
control field 20170508163317.0
008 - FIXED-LENGTH DATA ELEMENTS--GENERAL INFORMATION
fixed length control field 1 s2000 my 00 may d
020 ## - INTERNATIONAL STANDARD BOOK NUMBER
International Standard Book Number 9832087155 (kkt. ):
Terms of availability RM22.50
040 ## - CATALOGING SOURCE
Original cataloging agency AKMAL
082 04 - DEWEY DECIMAL CLASSIFICATION NUMBER
Classification number 297.6 HIM
090 00 - LOCALLY ASSIGNED LC-TYPE CALL NUMBER (OCLC); LOCAL CALL NUMBER (RLIN)
Classification number (OCLC) (R) ; Classification number, CALL (RLIN) (NR) 297.6
Local cutter number (OCLC) ; Book number/undivided call number, CALL (RLIN) HIM
245 00 - TITLE STATEMENT
Title Himpunan mutiara kata para bijaksana untuk muhasabah diri :
Remainder of title al-khulafa' ar-rasyidin, sahabat nabi s.a.w., imam mazhab, ahli tasawuf & para ulama' /
Statement of responsibility, etc. penyusun: Muhammad Baihaqi
260 ## - PUBLICATION, DISTRIBUTION, ETC.
Place of publication, distribution, etc. Kuala lumpur :
Name of publisher, distributor, etc. Jasmin Enterprise,
Date of publication, distribution, etc. 2000
300 00 - PHYSICAL DESCRIPTION
Extent xiv, 452ms. ;
Dimensions 22cm
650 #0 - SUBJECT ADDED ENTRY--TOPICAL TERM
Topical term or geographic name entry element Sufis
Form subdivision Quotations
9 (RLIN) 2469
650 #0 - SUBJECT ADDED ENTRY--TOPICAL TERM
Topical term or geographic name entry element Quotations, Muslim
9 (RLIN) 2470
650 #0 - SUBJECT ADDED ENTRY--TOPICAL TERM
Topical term or geographic name entry element Islam
General subdivision Sacred books
-- Quotations
9 (RLIN) 2471
650 #0 - SUBJECT ADDED ENTRY--TOPICAL TERM
Topical term or geographic name entry element Ulama
General subdivision Quotations
9 (RLIN) 2472
700 0# - ADDED ENTRY--PERSONAL NAME
Personal name Muhammad Baihaqi
9 (RLIN) 1331
740 02 - ADDED ENTRY--UNCONTROLLED RELATED/ANALYTICAL TITLE
Uncontrolled related/analytical title Himpunan mutiara kata para bijaksana untuk muhasabah diri: al-khulafa' ar-rasyidin, sahabat nabi s.a.w., imam mazhab, ahli tasawuf dan para ulama'
942 ## - ADDED ENTRY ELEMENTS (KOHA)
Source of classification or shelving scheme
Koha item type Book
Holdings
Withdrawn status Lost status Source of classification or shelving scheme Damaged status Not for loan Collection code Home library Current library Shelving location Date acquired Inventory number Total Checkouts Full call number Barcode Date last seen Price effective from Koha item type
          NON-FICTION AKMAL Melaka AKMAL Melaka PINJAMAN 08.05.2017 200832   297.6 HIM 201702443 08.05.2017 08.05.2017 Book
Pusat Sumber Maklumat Dato' Haji Sarmin Md Hussin, Akademi Kastam Diraja Malaysia, Melaka
Tel: 06-2331106 | Faks: 06-2313787